Tier-Variationen 2 - Statistiken

Allgemein
  • Dieses Quiz wurde 2.700 mal gespielt
  • Das Durchschnittsergebnis liegt bei 9 aus 15
Antwortstatistiken
Varianten Tier % Korrekt
Weißkopfsee-, Stein-, Steppen- A Adler
99%
Bobtail, Chow-Chow, Beagle H Hund
96%
Haus-, Kaschmir-, Alpensteinbock Z Ziege
96%
Vikunja, Alpaka, Dromedar K Kamel
93%
Kaffern-, Wasser-, Yak B Büffel
79%
Uräusschlange, Brillenschlange, Afrikanische Spei- K Kobra
75%
Senegal-, Transvaal-, Kongo- L Löwe
59%
Haus-, Capybara, Pampashase M Meerschweinchen
59%
Angola-, Rothschild-, Netz- G Giraffe
56%
Karett-, Suppen-, Meeres- S Schildkröte
53%
Gänse-, Kahlkopf-, Königs- G Geier
52%
Berg-, Kamm-, Teich- M Molch
36%
Kaspischer Geradfinger-, Psychedelischer Felsen-, Tokeh G Gecko
27%
Schwarzhand-, Weißbart-, Siamang G Gibbon
24%
Totenkopf-, Gemeine Wald-, Riesen- S Schabe
7%
Keine übereinstimmenden Quizze gefunden
Verteilung der Resultate
Anzahl Personen mit jedem Resultat
Perzentil nach korrekt beantworteten Fragen
Ihre Resultats-Entwicklung
Sie haben dieses Quiz noch nicht gespielt